[Event "Titled Tuesday intern op 24th Oct Late"]
[Site "Chess.com INT"]
[Date "2023.10.24"]
[Round "3"]
[White "Kovalevsky, Stanislav"]
[Black "Wang, Alexander J"]
[Result "1-0"]
[WhiteElo "2163"]
[BlackElo "1851"]
[PlyCount "91"]
[EventDate "2023.10.24"]
[EventType "swiss (blitz)"]
[EventRounds "11"]
[EventCountry "USA"]
[SourceTitle "Mega2024 Update 01"]
[Source "Chessbase"]
[SourceDate "2023.11.12"]
[SourceVersion "1"]
[SourceVersionDate "2023.11.12"]
[SourceQuality "1"]

1. e4 c5 2. c3 d6 3. d4 cxd4 4. cxd4 Nf6 5. Nc3 g6 6. Bc4 Bg7 7. Nf3 0-0 8. 0-0 Nc6 9. Re1 e5 10. dxe5 dxe5 11. Bg5 Qxd1 12. Raxd1 Bg4 13. Nd5 Nxd5 14. Bxd5 Nd4 15. Rd3 Bxf3 16. gxf3 Kh8 17. Kg2 f6 18. Be3 Rab8 19. Bxd4 exd4 20. Rxd4 f5 21. Ra4 Bxb2 22. Rb1 Be5 23. Rxa7 fxe4 24. Bxe4 b6 25. Rd1 Rfd8 26. Rad7 Rxd7 27. Rxd7 Rc8 28. h4 Rf8 29. h5 Rf6 30. Kh3 Kg8 31. hxg6 hxg6 32. Kg4 Bf4 33. Rb7 Be5 34. Kg5 Rd6 35. Bxg6 Bf6+ 36. Kf5 Bd4 37. Bf7+ Kf8 38. Bc4 Bc5 39. Ke5 Ke8 40. f4 Kd8 41. f5 Kc8 42. Rh7 Kd8 43. f4 Ke8 44. Bd5 Kf8 45. f6 Rd8 46. Rh8# 1-0